00461nam a22001577a 450000500170000001000150001702000260003203500140005803700130007208200170008510000190010224500510012126000480017227000600022030000230028020190125131608.0 aENG-124646 a9789386850072c350.00 aEN-108178 bDBAD/PUB a364.13380954 aVaidyanathan,R aBlack money and tax havens/cby R.Vaidyanathan aNew Delhi bwestland publications ltdc2017 a93,I Floor,Sham Lal Road Daryaganj,bNew Delhi e110002 a184p. c24cm.(pbk)